[Event "Reykjavik op"]
[Site "Reykjavik"]
[Date "2011.03.12"]
[Round "4"]
[White "Jones, Gawain C B"]
[Black "Thorfinnsson, Bragi"]
[Result "1-0"]
[WhiteElo "2578"]
[BlackElo "2417"]
[Annotator "Jones,G"]
[PlyCount "81"]
[EventDate "2011.03.09"]
[EventType "swiss"]
[EventRounds "9"]
[EventCountry "ISL"]
[SourceTitle "CBM 141 Extra"]
[Source "ChessBase"]
[SourceDate "2011.05.03"]
[SourceVersion "1"]
[SourceVersionDate "2011.05.03"]
[SourceQuality "1"]

1. e4 c5 2. Nc3 e6 3. f4 {The Grand Prix Attack. This came to prominence in
the 1970s and 1980s in England after the success of Mark Hebden and Dave
Rumens in the weekend circuit (although they usually started 2.f4) and has
become my pet opening.} a6 4. Nf3 Nc6 5. d3 {Confirming that I want to play a
type of Closed Sicilian.} (5. d4 cxd4 6. Nxd4 {is an alternative possibility,
transposing to an Open Sicilian.}) 5... d5 6. Be2 $5 {This is a sideline which
I've tried once before and suggested in my recent Grand Prix Attack DVD for
www.gingergm.com. White simply develops his pieces. Objectively Black should
probably not have any problems but the positions are quite unusual.} (6. g3 {
is the main move when White claims to have gained a tempo over a normal Closed
Sicilian as Black's ...a6 isn't necessary as Black will normally have to play .
..Rb8 anyway. I annotated Ekebjaerg,O-Lundholm,S Correspondence 1989 in my
Starting Out: Grand Prix Attack which continued} d4 $6 {The computer's top
suggestion but it closes the centre and allows White a free hand on the
kingside.} (6... Nf6 {is the main move and must be critical. I gave a couple
of alternatives in the book.}) 7. Ne2 Nf6 8. Bg2 Be7 9. O-O Qc7 10. h3 h5 ({
Computers don't think much of White's position after} 10... O-O 11. g4 {
but experience has proven that White has dangerous attacking prospects on the
kingside.}) 11. c3 $1 Bd7 12. cxd4 cxd4 13. b3 Rd8 14. Bb2 Qb8 15. Rc1 Nb4 16.
a3 Na2 17. Rc2 Nc3 18. Nxc3 dxc3 19. Rxc3 {and White had a clear extra pawn.})
6... Nf6 ({It's important for the viability of this sideline that} 6... dxe4 7.
dxe4 Qxd1+ 8. Nxd1 {does not equalise. White has more space and better central
control while the b6 square is a big weakness in Black's structure.}) 7. O-O
Be7 8. Qe1 b5 (8... Nd4 {was played against me last time I reached this
position.} 9. Bd1 dxe4 10. Nxe4 b5 11. c3 Nxf3+ 12. Bxf3 Ra7 13. Be3 Nxe4 14.
dxe4 Rd7 15. Qg3 {Going for a kingside attack.} (15. a4 $14 {is a safe way of
playing the position.}) 15... O-O 16. f5 Kh8 (16... exf5 17. Bh6 Bf6 18. e5
Bxe5 19. Qxe5 gxh6 20. Qxc5 {is assessed as equal by the computer but I feel
all humans would take White.}) 17. fxe6 fxe6 18. Bg4 Rd3 19. Be2 Rd7 {when
instead of} 20. Qe5 $6 {Jones,G (2554)-Mogranzini,R (2415) Porto San Giorgio
2009 which forced me to win a level ending I should have gone for} (20. c4
Rxf1+ 21. Rxf1 bxc4 22. Qf2 {with a definite positional advantage.} (22. Bxc4
Rd1 $14)) (20. Rxf8+ Bxf8 21. Rf1 $16 {is also clearly better for White.})) ({
I looked at} 8... d4 {in the Starting Out: Grand Prix Attack where White
generated a huge kingside attack:} 9. Nb1 b5 10. Ne5 Bb7 11. Qg3 O-O 12. Nxc6
Bxc6 13. f5 Kh8 14. Nd2 e5 15. Nf3 Nd7 16. Bg5 f6 17. Bd2 c4 18. Nh4 Qe8 19.
Ng6+ hxg6 20. fxg6 Kg8 21. Rf5 Nc5 22. Rh5 {1-0 Lutton,J-Dougherty,M Isle of
Man 2002.}) 9. Bd1 {This looks like White's opening has been a failure as my
pieces have been forced to retreat but in fact it's not all one-way traffic
and in fact I have a definite advantage within another three moves!} b4 {
Perhaps this logical move is in fact an error.} (9... O-O {is the most logical
when an interesting line continues:} 10. Ne5 Nd4 11. Nb1 $5 {threatening to
trap the knight.} Bb7 12. c3 Nc6 13. Nxc6 Bxc6 14. e5 Nd7 15. Be3 $11 {with
rough equality.}) 10. Na4 dxe4 (10... O-O 11. e5 Nd7 12. c4 $1 {looks like a
King's Indian Attack type position where White should have an edge as he can
put pressure on Black's c5 pawn.}) 11. dxe4 a5 12. c4 $1 {I was pleased with
this move. The pawn on c5 is fixed and I take away the d5 square from the
f6-knight. If Black does not take en-passant then I will be able to proceed
with 13.e5, 14.Be3, 15.Qf2, 16.b3 and 17.Bc2 while it's rather difficult for
Black to find any counterplay.} bxc3 13. bxc3 $1 {And this is necessary if
counter-intuitive at first glance. This creates a further pawn island and
isolates my pawns while leaving the knight on the rim but it is actually
strong on a4 targeting the c5- and b6-squares while the pawn on c3 controls
the important b4- and d4-squares.} Ba6 14. Be2 Bxe2 15. Qxe2 O-O {I had quite
a long think here deciding how I wanted to complete my development. Initially
I wanted to keep my pawn on e4 as it retains flexibility but then I decided it
was more important to put my bishop on e3.} 16. e5 (16. Ba3 {is an alternative
but it's not entirely clear that I'm threatening to take on c5 due to the many
pins while Black can gain time to coordinate all his pieces with} Qc7 {when f4
is hanging.}) 16... Nd7 $6 {This subtle error is close to a critical mistake.}
(16... Nd5 {should have been played so as to force me to play c4 at some point.
This gives Black two advantages over the game: firstly, Black would get the
use of the d4-square for counterplay and secondly I wouldn't be able to
re-route my knight around to c4.} 17. f5 $5 {is an interesting try and perhaps
the reason Bragi declined this continuation. Following} exf5 18. Rd1 Qd7 19. c4
Nd4 20. Nxd4 cxd4 21. cxd5 Qxa4 22. d6 Bd8 23. Bb2 Bb6 {White's pawn phalanx
looks commanding but Black does have an extra pawn and he can put pressure on
the e5-pawn.}) 17. Be3 Qc7 18. Nd2 {Re-routing the knight around to target the
b6- and d6-squares. Black has big structural problems here. Were the c5-pawn
back on c6 then he would have no real problems as he could try activating his
e7-bishop but here he has to sit.} Rfc8 19. Nc4 $6 {This is careless.} (19.
Rfd1 {would likely transpose back to the game.}) 19... Bf8 $6 {And Bragi
misses his chance.} ({I realised just after I had played the move that Black
could now play} 19... Nd4 $1 {bringing the knight around to f5 when Black
would be close to equality.} 20. cxd4 {is of course critical but} cxd4 21. Nd6
Bxd6 22. exd6 Qc6 23. Bxd4 Qxa4 24. Rad1 Rc6 {is certainly fine for Black.})
20. Rfd1 {Back under control.} Ne7 21. Nd6 Rcb8 22. c4 Nc8 23. Nb5 Qc6 24. Nac3
{In this stage of the game my knights perform ballet in order to prevent any
exchanges.} a4 25. Rd2 Ndb6 26. Rad1 {And my development is finally completed.}
Ne7 27. Nd6 {Not wanting to allow Black to sit the knight on f5.} a3 (27... Nf5
{is the top suggestion of the computer but} 28. Nxf5 exf5 29. Nd5 {is pretty
hideous.}) 28. Nce4 Ng6 {By this stage not only had I built up a commanding
position but Bragi was also very low on time. I spent a fair amount of time
here trying to decide whether to pick up the c5 pawn or else go for mate. I
decided on the latter!} 29. Ng5 $5 (29. Bxc5 $1 {was objectively best when I
have at least an extra pawn as} Nxf4 $2 {fails to} 30. Qf3) 29... Bxd6 {
I realised this was forced and therefore I would have a long term advantage
with my possession of the d6-square.} 30. Rxd6 Qe8 {The pawn on f7 has to be
defended.} (30... Qc8 31. Qh5 h6 32. Nxf7 $1 Kxf7 33. f5 {and White has a
decisive attack.}) {Another long think here as I tried to find a concrete path
to victory.} 31. Bxc5 (31. Ne4 {was also a possible and safe option.}) 31...
Na4 32. Bd4 h6 ({It still isn't time to recapture the pawn as} 32... Nxf4 33.
Qe4 Ng6 34. Rf1 {leaves Black unable to defend the f7-pawn.}) 33. Ne4 $1 (33.
Nh3 {would keep the pawn advantage but} Ne7 34. Nf2 Nf5 35. Ne4 Nb2 {would
just be unclear.}) 33... Nxf4 34. Qg4 {Continuing my policy of going for the
most ambitious continuation.} (34. Qf3 Ng6 35. c5 {utilising the other trump,
the passed c-pawn, is also clearly better for White.}) 34... Ng6 35. h4 Kh8 36.
Rf1 $1 {Preventing the plan that Bragi nevertheless attempts.} ({However the
computer points out that the direct} 36. h5 Ne7 37. Nf6 $1 {is also strong as}
gxf6 38. Rxe6 $3 Qg8 (38... fxe6 39. exf6 $18) 39. Qf4 fxe6 40. exf6 Qg5 41.
fxe7+ Kg8 42. Qd6 {leaves White with a decisive attack although you have to be
brave to go into these complications if you're not 100% sure.}) 36... Ne7 {
This hastens the end although it's difficult to offer any good alternative by
this stage.} 37. Nf6 $1 gxf6 (37... Qc8 38. Nd7 {wins material with the double
attack on b8 and f7.}) 38. exf6 Ng6 (38... Nf5 39. Rxf5 Qg8 40. Qg7+ Qxg7 41.
fxg7+ Kg8 42. Rf6 $18 {is no better.}) 39. h5 {A difficult decision to make
just before the time control but I chose the right path.} (39. Qxg6 {would
recoup the material immediately but Black would still be able to fight on in
the ending that occurs after} fxg6 40. f7+ e5 41. fxe8=Q+ Rxe8 42. Be3 Rg8 {
even though it should just be a matter of time.}) 39... e5 40. Be3 Qf8 (40...
Qc8 {was the last chance although} 41. Qxc8+ Rxc8 42. hxg6 fxg6 43. Bxh6 {
and the f-pawn will decide.}) 41. hxg6 $1 (41. hxg6 Qxd6 42. Qh5 {with mate in
a few moves.}) 1-0

[Event "Olomouc After GP Mladi"]
[Site "Olomouc"]
[Date "1997.??.??"]
[Round "7"]
[White "Berzinsh, Roland"]
[Black "Babula, Vlastimil"]
[Result "1/2-1/2"]
[WhiteElo "2440"]
[BlackElo "2545"]
[Annotator "King,D"]
[PlyCount "80"]
[EventDate "1997.08.05"]
[EventType "tourn"]
[EventRounds "11"]
[EventCountry "CZE"]
[EventCategory "10"]
[SourceTitle "CBM 061"]
[Source "ChessBase"]
[SourceDate "1997.11.23"]
[SourceVersion "1"]
[SourceVersionDate "1997.11.23"]
[SourceQuality "1"]

1. e4 c5 2. Nc3 Nc6 3. Nge2 d6 4. g3 e5 5. Nd5 Bg4 6. Bg2 Nd4 7. Ndc3 Qd7 8. h3
Be6 9. d3 Ne7 10. f4 g6 11. Nxd4 cxd4 12. Ne2 Bg7 13. c3 dxc3 14. bxc3 O-O 15.
d4 exd4 16. cxd4 Bc4 ({If Black had wanted to play in a more traditional,
positional, vein, then} 16... d5 $5 {was reasonable:} 17. e5 (17. f5 gxf5 18.
e5 f6) 17... h5 18. Be3 Rac8 {[%cal Rc8c4] The kingside pawns have been
blocked and Black can double rooks on the c-file.}) 17. Be3 Rfe8 18. Bf2 Nf5
19. g4 $5 (19. O-O {would have been a safer option. Black may capture the
d-pawn in two different ways, but in both cases White has sufficient
compensation:} Bxe2 20. Qxe2 Nxd4 (20... Bxd4 21. Bxd4 Nxd4 22. Qd3 Nc6 23.
Rad1) 21. Qd3) 19... Bxe2 20. Kxe2 {This is White's ambitious idea. His king
roams around in the middle in the hope of keeping his impressive centre in one
piece.} Qb5+ 21. Kf3 (21. Qd3 {would have been a reasonable way for White to
bail out, but compromise is obviously not a word that is in Mr Berzinsh's
vocabulary:} Qb2+ 22. Qd2 Nxd4+ 23. Bxd4 Qxd2+ 24. Kxd2 Bxd4 25. Rab1 Bb6 {
White is a pawn down, but the ending should be tenable.}) 21... Rxe4 {(Piece
versus pawns) Now we come to the section of the game which really concerns us.
Black gives up a piece, gets some pawns for it, and the king is still on the
loose - but White survives anyway:} 22. gxf5 (22. Kxe4 Re8+ 23. Kf3 Qd5#) 22...
Qxf5 23. Qd2 Bh6 ({With hindsight,} 23... g5 {would have been a more dangerous
option.} 24. Rhe1 (24. Kg3 Re2 25. Qc1 Rc2) 24... gxf4 25. Rxe4 Qh5+ 26. Kxf4
Bh6+ {In the game, Black wins another pawn, but too many pieces are exchanged
which dissipates his initiative:}) 24. Bg3 Qd5 25. Kf2 Rxd4 26. Qe2 Qc5 27. Kf1
Qc3 28. Qe1 Qc4+ 29. Kg1 Rd3 30. Rd1 Rxd1 31. Qxd1 Bxf4 32. Bd5 Qc5+ 33. Kg2
Bxg3 34. Kxg3 {[%cal Rd5f7,Rd5b7,Rd5a2,Rd5g2] Although Black now has four
pawns for the piece, he is in danger of standing worse. White's bishop has
found a superb, sheltered, square from where it looks at Black's f7 square,
defends the pawn on f2, and still provides cover for Black's king.  Sensibly,
Black senses the danger and forces a draw by perpetual check before it is too
late.} Qe3+ 35. Qf3 Qe5+ 36. Kg2 Qg5+ 37. Kh2 Qd2+ 38. Kg3 Qg5+ 39. Kh2 Qd2+
40. Kg3 Qg5+ 1/2-1/2

[Event "POL-ch 55th"]
[Site "Ksiaz"]
[Date "1998.03.24"]
[Round "11"]
[White "Macieja, Bartlomiej"]
[Black "Kuczynski, Robert"]
[Result "1-0"]
[WhiteElo "2485"]
[BlackElo "2485"]
[Annotator "Konikowski,J"]
[PlyCount "57"]
[EventDate "1998.03.12"]
[EventType "tourn"]
[EventRounds "13"]
[EventCountry "POL"]
[EventCategory "9"]
[SourceTitle "CBM 063 Extra"]
[Source "ChessBase"]
[SourceDate "1998.04.29"]
[SourceVersion "1"]
[SourceVersionDate "1998.04.29"]
[SourceQuality "1"]

1. e4 c5 2. Nc3 d6 3. f4 Nc6 4. Nf3 g6 5. Bb5 Bd7 6. O-O (6. Bxc6 Bxc6 7. d3 (
7. O-O Bg7 8. Qe2 Nf6 9. d3 O-O 10. Kh1 b5 11. Nd1 Nd7 12. f5 Ne5 13. Ne3 c4
14. Nxe5 Bxe5 15. Ng4 Qd7 $2 (15... Bg7 $2 16. Nh6+ Bxh6 (16... Kh8 17. fxg6
$18) 17. Bxh6 Re8 18. fxg6 hxg6 19. dxc4 $18) (15... cxd3 $5 16. cxd3 Bg7 17.
Nh6+ Bxh6 18. Bxh6 Re8 19. fxg6 hxg6 20. Qf2 f6 $13) 16. f6 Bxf6 17. Rxf6 $1 h5
18. Nh6+ Kg7 19. Rf1 $18 {Chacon,J-Durban Piera,J/ESP-chT 1993/TD 93\}) 7...
Bg7 8. O-O e6 (8... Nf6 9. Qe1 O-O (9... e6 10. Kh1 Qc7 11. a4 b6 12. Nb5 Bxb5
13. axb5 Qb7 14. Qh4 d5 15. e5 Nd7 16. Re1 h6 17. c4 Bf8 18. Qh3 Be7 19. b3 h5
20. Be3 d4 21. Bf2 a6 22. bxa6 Rxa6 23. Bh4 Bxh4 24. Qxh4 Rxa1 25. Rxa1 O-O 26.
Qe7 $16 {Kupka,S-Lechtynsky,J/CSR-ch Havirov 1970/}) (9... Qd7 10. e5 Nd5 11.
Ne4 Nb4 12. Qe2 O-O 13. a3 (13. c3 Nd5 14. Bd2 $11) 13... Nd5 14. c4 Nc7 15.
Be3 f5 16. exf6 exf6 17. f5 Qxf5 18. Nxd6 Qd7 19. Ne4 b6 20. Rad1 Rae8 $17 {
Nutku,U-Lombardy,W/Siegen olm 1970/}) (9... b5 10. Qh4 b4 11. Ne2 d5 12. e5 Nd7
13. d4 e6 14. Qf2 c4 15. g4 h5 16. h3 Qb6 17. Be3 hxg4 18. hxg4 a5 19. Ng5 Bh6
$13 {Smits,M-Van Roosmalen,S/NLD-chU20 1997/}) 10. Bd2 (10. Qh4 e6 11. f5 exf5
12. exf5 Bxf3 13. Rxf3 Nd7 14. Bg5 Bf6 15. Ne4 Bd4+ 16. Kh1 f6 17. fxg6 hxg6 (
17... fxg5 $4 18. Qxh7#) 18. Rh3 Kf7 19. Nxd6+ Ke6 20. Bf4 Ne5 21. Bxe5 Bxe5
22. Nxb7 Qd4 23. Qxd4 cxd4 24. Na5 $18 {Ljubarskij,J-Wilhelmi,C/Wichern op
1993/}) 10... e6 11. Qh4 Nh5 12. Qh3 f5 13. Ng5 Qd7 14. Rae1 Rae8 15. g4 Bd4+
16. Be3 fxg4 17. Qxg4 e5 18. f5 Nf4 19. Bxd4 cxd4 20. Rxf4 exf4 21. Qxf4 Rxf5
$1 $19 {Heidenfeld,W-Najdorf,M/Havana olm 1966/}) (8... Qd7 9. Be3 Nf6 10. Qe1
Ng4 11. Bd2 f5 12. h3 Nh6 13. Ng5 Nf7 14. exf5 Nxg5 15. fxg5 gxf5 16. Rb1 O-O
17. Ne2 e5 18. Ng3 Rae8 19. b4 b6 20. bxc5 bxc5 21. Qe2 Rf7 22. h4 Ref8 23. h5
Qe6 24. Kh2 d5 25. h6 Bh8 26. Nh5 d4 $17 {Kuznetsova,E-Mitenkov,A/Moscow-C
1996/}) 9. Qe1 Ne7 10. b3 (10. Bd2 $5) 10... O-O 11. Bb2 d5 12. Qh4 (12. e5 $5)
12... Nc8 13. Qh3 Nd6 14. Rae1 $2 (14. e5 $142) 14... dxe4 15. dxe4 b5 16. Ne5
Bb7 17. Ng4 b4 18. Nd1 Nxe4 19. Bxg7 Kxg7 20. Nde3 h5 21. Ne5 Qc7 $17 {
Heidenfeld,W-Guti,E/Netanya 1961/}) 6... Bg7 (6... a6 7. Bxc6 Bxc6 (7... bxc6
8. e5 d5 9. d3 Nh6 10. Ng5 e6 11. g4 Be7 12. Qe2 Qb6 13. Kh1 O-O-O 14. h3 Rdf8
15. Na4 Qb5 16. b3 Ng8 17. Nf3 h6 18. c4 Qb4 19. Bd2 Qb7 20. d4 cxd4 21. c5 Qb5
22. Nxd4 Qxe2 23. Nxe2 Bd8 24. Nb6+ Bxb6 25. cxb6 Kb7 26. Bb4 Re8 27. Bc5 Ne7
28. b4 h5 29. g5 Nf5 30. Rf3 Ra8 31. Ra3 $16 {Peters,M-Keller,P/WchS 1992/}) 8.
d3 e6 9. Kh1 Ne7 10. Qe1 Bg7 11. Be3 b6 12. d4 cxd4 13. Bxd4 Bxd4 14. Nxd4 O-O
15. f5 exf5 16. Nxc6 Nxc6 17. exf5 Nd4 18. f6 Ne6 19. Qd2 Qd7 20. Qh6 Rac8 21.
Ne4 $40 {Teh,E-Justiniano,O/WchJM-U14 1992/}) (6... e6 7. Bxc6 Bxc6 8. f5 e5 9.
fxg6 hxg6 10. Qe2 Qd7 11. a3 f6 12. b4 Qh7 13. bxc5 dxc5 14. Qc4 g5 15. Rb1
O-O-O 16. h3 g4 17. hxg4 Nh6 18. Kf2 Nxg4+ 19. Ke2 f5 20. exf5 Qxf5 21. d3 Nf6
$2 (21... Qg6 $142) 22. Ng5 Qg4+ 23. Qxg4+ Nxg4 24. Nf7 $18 {Benschop,
A-Waenink,P/NLD-chT9495 1994/}) 7. d3 a6 8. Bxc6 Bxc6 9. Qe1 Qd7 10. a4 {
/\a4-a5!} b6 11. Qh4 $5 (11. h3 Nf6 12. b3 Nh5 13. Bd2 f5 $11 {Ljubojevic,
Lj-Kasparov,G/Linares/1991/}) 11... e6 $2 (11... h6 $142) 12. f5 $1 h6 (12...
exf5 13. exf5 Qxf5 14. Bf4 $1 $36) 13. fxg6 fxg6 14. Be3 e5 15. Nd2 Qe6 16. Nc4
Rb8 17. Qg3 Ne7 18. a5 $1 b5 19. Nb6 Rf8 (19... Rb7 20. Ncd5 b4 (20... Nxd5 21.
exd5 Bxd5 22. Nxd5 Qxd5 23. Qxg6+ Kd8 24. c4 Qc6 25. cxb5 axb5 26. a6 Ra7 27.
Rf7 $18) 21. c3 bxc3 22. bxc3 Rf8 23. Rxf8+ Kxf8 24. Rf1+ $16) 20. Qh4 (20.
Ncd5 $142 $1) 20... Ng8 (20... b4 21. Bxh6 $1 Rh8 (21... bxc3 22. Bxg7 $18) 22.
Bxg7 Rxh4 23. Rf8#) 21. Ncd5 Rb7 22. b4 $1 Rxf1+ 23. Rxf1 c4 24. Rf2 g5 (24...
cxd3 25. cxd3 g5 26. Qh5+ Kd8 27. Rc2 Bxd5 28. exd5 $18) 25. Qh5+ Kd8 26. dxc4
bxc4 27. Nxc4 Bxd5 (27... Nf6 28. Qg6 Bxd5 29. exd5 $18) 28. exd5 Qxd5 29. Nxd6
(29. Nxd6 Qxd6 30. Rd2 Qxd2 31. Bxd2 $18) 1-0